| 000 | 00452nam a2200181Ia 4500 | ||
|---|---|---|---|
| 008 | 230524s9999 xx 000 0 und d | ||
| 020 | _a9780*074604601 | ||
| 082 |
_a658.3 _bVER |
||
| 100 | _aC.S.Venkata Ratnam | ||
| 245 | 0 | _aPersonal Management And Human Resources | |
| 250 | _aIST | ||
| 260 |
_aNEW DELHI _bTMH _c2008 |
||
| 300 | _aXII;345 | ||
| 500 | _aQuantity Number: 5 | ||
| 650 | _aManagement | ||
| 700 | _a B.K.Srivastava | ||
| 942 | _cBK | ||
| 999 |
_c41319 _d41319 |
||